000 00925nam a2200277 4500
003 OSt
005 20260601193855.0
008 260421b1984 NYUa|||| |||| 00| 0 eng d
020 _a0823071367
040 _aICI
_bspa
_cICI
050 _aNA2850
_b.M58 1984
100 1 _aMitchell, William,
_d1944-2010
_932916
245 1 _aDesigning the automated office /
_cWilliam Mitchell
264 _bWhitney Library of Design,
_c1984
_aNew York :
300 _a224 páginas
_bilustraciones ;
_c24 cm
336 _atexto
_2rdacontent
337 _asin medio
_2rdamedia
338 _avolumen
_2rdacarrier
650 _aEdificios de oficinas
_xDiseño
_932917
650 _aAutomatización de oficinas
_932918
650 _aArquitectura
_xInnovaciones tecnológicas
_932919
650 _aSistemas de información en oficinas
_932920
650 _aDiseño arquitectónico
655 _2local
_aEstudios técnicos
_932922
942 _2lcc
_cB
999 _c22016
_d22016